00554nam a2200181Ia 450000500170000000800410001702000100005804000190006804100120008708200160009910000200011524500870013526000450022230000160026750400500028365000290033385000100036220221110085934.0131103s9999 xx 000 0 und d cRs.20 aLoreto College aEnglish a954.02bSRI aSrivastava,A.L. aAkbar the great Vol 3b society and culture in 16th century India cA.L.Srivastava aAgrabShiva Lal Agarwala & Companyc1972 axvi,375 p.  aIncludes bibliographical references and index aHistory - Medieval India aLCLIB